Spotlight (Record no. 84136)
[ view plain ]
| 000 -LEADER | |
|---|---|
| fixed length control field | 01250cad a22002055a 4500 |
| 001 - CONTROL NUMBER | |
| control field | L156742 |
| 008 - FIXED-LENGTH DATA ELEMENTS--GENERAL INFORMATION | |
| fixed length control field | 120706s2012 xxk 000 0 eng d |
| 035 ## - SYSTEM CONTROL NUMBER | |
| System control number | (Sirsi) u156742 |
| 041 0# - LANGUAGE CODE | |
| Language code of text/sound track or separate title | eng |
| 110 2# - MAIN ENTRY--CORPORATE NAME | |
| Corporate name or jurisdiction name as entry element | Savills |
| 9 (RLIN) | 2020 |
| 245 00 - TITLE STATEMENT | |
| Title | Spotlight |
| Remainder of title | Central London retail City and City fringes - Summer 2012 |
| Medium | [electronic resource] |
| 260 ## - PUBLICATION, DISTRIBUTION, ETC. | |
| Place of publication, distribution, etc. | London |
| Name of publisher, distributor, etc. | Savills |
| Date of publication, distribution, etc. | 2012 |
| 490 #0 - SERIES STATEMENT | |
| Series statement | Savills Spotlight Central London Retail City and City Fringes |
| Volume/sequential designation | Summer 2012 |
| 520 ## - SUMMARY, ETC. | |
| Summary, etc. | An Olympic boost to spending is possible in London but the prospects for the rest of 2012 remain mixed. Central London retail will continue to outperform the rest of the UK. Some comparison goods and fashion retailers see the shorter trading patterns of the City of London retail market as a challenge. The rejuvenation of Cheapside and the opening of One New Change has significantly improved City retail space. The City fringe retail markets offer retailers a mix of residential and commercial neighbourhoods not available in the City core. |
| 590 ## - LOCAL NOTE (RLIN) | |
| Local note | NTK KA |
| 651 #4 - SUBJECT ADDED ENTRY--GEOGRAPHIC NAME | |
| Geographic name | London |
| 690 ## - LOCAL SUBJECT ADDED ENTRY--TOPICAL TERM (OCLC, RLIN) | |
| Topical term or geographic name as entry element | Commercial property |
| 9 (RLIN) | 6227 |
| 856 40 - ELECTRONIC LOCATION AND ACCESS | |
| Uniform Resource Identifier | <a href="https://www.savills.co.uk/research/commercial-research.aspx">https://www.savills.co.uk/research/commercial-research.aspx</a> |
| Public note | View the report after free registration at www.savills.co.uk |
| 942 ## - ADDED ENTRY ELEMENTS (KOHA) | |
| Suppress in OPAC | 0 |
| Withdrawn status | Lost status | Source of classification or shelving scheme | Damaged status | Not for loan | Home library | Current library | Shelving location | Date acquired | Total Checkouts | Full call number | Barcode | Date last seen | Copy number | Price effective from | Koha item type |
|---|---|---|---|---|---|---|---|---|---|---|---|---|---|---|---|
| Dewey Decimal Classification | Virtual | Virtual | Online | 06/07/2012 | ONLINE PUBLICATION | 156742-2001 | 06/08/2019 | 1 | 06/08/2019 | Book |